Daňové priznanie k dani z príjmov fyzických osôb za rok 2012

Zmeny v tlačivách daňových priznaní k dani príjmov fyzickej osoby platných za zdaňovacie obdobie roku 2012. Ilustračné príklady.

Enregistré dans:
Détails bibliographiques
Auteur principal: Jambrichová, Silvia
Format: Chapitre de livre
Langue:slovaque
Sujets:
Tags: Ajouter un tag
Pas de tags, Soyez le premier à ajouter un tag!

MARC

LEADER 00000naa a2200000 4500
001 0165787
005 20231208085610.7
041 0 |a slo 
044 |a SK 
245 1 0 |a Daňové priznanie k dani z príjmov fyzických osôb za rok 2012  |c Silvia Jambrichová 
520 |a Zmeny v tlačivách daňových priznaní k dani príjmov fyzickej osoby platných za zdaňovacie obdobie roku 2012. Ilustračné príklady. 
610 2 0 |a dane z príjmov 
610 2 0 |a legislatíva 
610 2 0 |a priznania daňové 
610 2 0 |a Slovensko 
100 1 |a Jambrichová, Silvia